| 000 | 01312nam a22003377a 4500 | ||
|---|---|---|---|
| 005 | 20211022102622.0 | ||
| 008 | 211022b sp ||||| |||| 00| 0 spa d | ||
| 020 | _a9788497843072 (o. c.) | ||
| 020 | _a9878497843089 (v. 1) | ||
| 020 | _a9788497843096 (v. 2) | ||
| 020 | _a97884978843102 (v. 3) | ||
| 050 | 0 | 4 |
_aH62 _bM36 2012 |
| 240 | 1 | 4 |
_aThe Sage handbook of qualitative research _lespañol |
| 245 | 0 | 0 |
_aManual de investigación cualitativa _c / Norman K. Denzin, Yvonna S. Lincoln (coords.) ; traducción Cecilia Pavón...[et al.] |
| 250 | _a1a ed. | ||
| 260 |
_aBarcelona, España : _bGedisa, _c2012 |
||
| 300 |
_a3 v. ; _c23 cm. |
||
| 490 | 0 | _aMetodología de las Ciencias Sociales | |
| 490 | 0 | _aHerramientas Universitarias | |
| 504 | _aIncluye bibliografía | ||
| 505 | 0 |
_tV. 1 El campo de la investigación cualitativa. _tV. 2 Paradigmas y perspectivas en disputa. _tV. 3 Las estrategias de investigación cualitativa. |
|
| 650 | 7 |
_2lemb _aCiencias sociales _xInvestigación |
|
| 650 | 4 | _aInvestigación cualitativa | |
| 700 | 1 |
_aDenzin, Norman K. _ecoordinador |
|
| 700 | 1 |
_aLincoln, Yvonna S. _ecoordinador |
|
| 700 | 1 |
_aBishop, Russell _eautor |
|
| 700 | 1 |
_aDonnor, Jamel _eautor |
|
| 700 | 1 |
_aAlexander, Bryant Keith _eautor |
|
| 700 | 1 |
_aPavón, Cecilia _etraductor |
|
| 942 |
_2lcc _cLIB |
||
| 999 |
_c524 _d524 |
||